<?xml version="1.0" encoding="UTF-8"?>
<record
    xmlns:xsi="http://www.w3.org/2001/XMLSchema-instance"
    xsi:schemaLocation="http://www.loc.gov/MARC21/slim http://www.loc.gov/standards/marcxml/schema/MARC21slim.xsd"
    xmlns="http://www.loc.gov/MARC21/slim">

  <leader>01232nab a2200361 uc4500</leader>
  <controlfield tag="001">711504</controlfield>
  <controlfield tag="005">20241126090512.0</controlfield>
  <controlfield tag="008">011207e19990301                    eng  </controlfield>
  <datafield tag="035" ind1=" " ind2=" ">
    <subfield code="a">711504</subfield>
  </datafield>
  <datafield tag="035" ind1=" " ind2=" ">
    <subfield code="a">(OCoLC)819927097</subfield>
  </datafield>
  <datafield tag="040" ind1=" " ind2=" ">
    <subfield code="c">comduadb</subfield>
  </datafield>
  <datafield tag="041" ind1=" " ind2=" ">
    <subfield code="a">eng</subfield>
  </datafield>
  <datafield tag="100" ind1="1" ind2="0">
    <subfield code="a">Wong, Dongfeng</subfield>
    <subfield code="4">aut</subfield>
    <subfield code="e">aut</subfield>
    <subfield code="9">347281</subfield>
  </datafield>
  <datafield tag="245" ind1="1" ind2="0">
    <subfield code="a">Factors influencing the process of translating</subfield>
  </datafield>
  <datafield tag="650" ind1=" " ind2="7">
    <subfield code="a">Ling&#xFC;&#xED;stica</subfield>
    <subfield code="2">lemb</subfield>
    <subfield code="9">6919</subfield>
  </datafield>
  <datafield tag="650" ind1=" " ind2=" ">
    <subfield code="a">Linguistics</subfield>
    <subfield code="9">79547</subfield>
  </datafield>
  <datafield tag="650" ind1=" " ind2=" ">
    <subfield code="a">Cultural factors</subfield>
    <subfield code="9">86678</subfield>
  </datafield>
  <datafield tag="650" ind1=" " ind2=" ">
    <subfield code="a">Factores culturales</subfield>
    <subfield code="9">25229</subfield>
  </datafield>
  <datafield tag="650" ind1=" " ind2="7">
    <subfield code="a">Traductores</subfield>
    <subfield code="2">armarc</subfield>
    <subfield code="9">24828</subfield>
  </datafield>
  <datafield tag="650" ind1=" " ind2=" ">
    <subfield code="a">Translators</subfield>
    <subfield code="9">81030</subfield>
  </datafield>
  <datafield tag="650" ind1=" " ind2=" ">
    <subfield code="a">Proceso de traducci&#xF3;n</subfield>
    <subfield code="9">85363</subfield>
  </datafield>
  <datafield tag="650" ind1=" " ind2=" ">
    <subfield code="a">Translation process</subfield>
    <subfield code="9">85362</subfield>
  </datafield>
  <datafield tag="650" ind1=" " ind2=" ">
    <subfield code="a">Traduccion del ingles al chino</subfield>
    <subfield code="9">86788</subfield>
  </datafield>
  <datafield tag="650" ind1=" " ind2=" ">
    <subfield code="a">Translation english into chinese</subfield>
    <subfield code="9">87507</subfield>
  </datafield>
  <datafield tag="650" ind1=" " ind2="0">
    <subfield code="a">Estudios de traducci&#xF3;n</subfield>
    <subfield code="9">85272</subfield>
  </datafield>
  <datafield tag="650" ind1=" " ind2=" ">
    <subfield code="a">Translation studies</subfield>
    <subfield code="9">81896</subfield>
  </datafield>
  <datafield tag="650" ind1=" " ind2=" ">
    <subfield code="a">Habilidad</subfield>
    <subfield code="9">31278</subfield>
  </datafield>
  <datafield tag="650" ind1=" " ind2=" ">
    <subfield code="a">Skills</subfield>
    <subfield code="9">86679</subfield>
  </datafield>
  <datafield tag="650" ind1=" " ind2="7">
    <subfield code="a">Traducci&#xF3;n e interpretaci&#xF3;n</subfield>
    <subfield code="2">lemb</subfield>
    <subfield code="9">40434</subfield>
  </datafield>
  <datafield tag="700" ind1="1" ind2="0">
    <subfield code="a">Shen, Dan</subfield>
    <subfield code="4">aut</subfield>
    <subfield code="e">aut</subfield>
    <subfield code="9">522506</subfield>
  </datafield>
  <datafield tag="773" ind1="0" ind2=" ">
    <subfield code="t">Meta : Journal des Traducteurs : Translators' Journal (Canad&#xE1;)</subfield>
    <subfield code="g">Vol. 44, No. 01, Mar. 1999, p. 78-100</subfield>
    <subfield code="w">688018</subfield>
    <subfield code="x">0026-0452</subfield>
    <subfield code="0">212758</subfield>
  </datafield>
  <datafield tag="942" ind1=" " ind2=" ">
    <subfield code="c">ARIMP</subfield>
  </datafield>
  <datafield tag="999" ind1=" " ind2=" ">
    <subfield code="c">226659</subfield>
    <subfield code="d">226659</subfield>
  </datafield>
</record>
